| 000 | 00850cam a2200217 4500 | ||
|---|---|---|---|
| 001 | WB3612-22 | ||
| 008 | 000000n2000 000 0 eng u | ||
| 035 | _a(Sirsi) u105010 | ||
| 245 | _aLawyers and city auditors called to account | ||
| 260 | _c2000 | ||
| 490 |
_aTimes _v 23 March 2000, 1(1) |
||
| 520 | _aIn a bid to cut the cost of consulting professionals, the OFT is to investigate the restrictive practices of lawyers and accountants. The inquiry will examine whether the £25bn professional market, which includes surveyors and architects, should continue to be exempt from the Competition Act. | ||
| 590 | _aWB | ||
| 650 | _aCOMPETITION ACT 1998 | ||
| 650 | _aOFT | ||
| 650 | _aRESTRICTIVE PRACTICES | ||
| 650 | _aCONSULTATION | ||
| 650 | _aCOSTS | ||
| 690 | _aMANAGEMENT-BUSINESS MANAGEMENT-PROFESSIONAL PRACTICE | ||
| 942 | _n0 | ||
| 999 |
_c62984 _d62984 |
||